|
|
|
|
| LEADER |
00000naa2a2200000 4500 |
| 001 |
635044 |
| 005 |
20240220095044.0 |
| 035 |
|
|
|a (RuTPU)RU\TPU\conf\36881
|
| 035 |
|
|
|a RU\TPU\conf\36875
|
| 090 |
|
|
|a 635044
|
| 100 |
|
|
|a 20221027d2022 k y0rusy50 ca
|
| 101 |
0 |
|
|a rus
|
| 102 |
|
|
|a RU
|
| 105 |
|
|
|a y z 100zy
|
| 135 |
|
|
|a drcn ---uucaa
|
| 181 |
|
0 |
|a i
|
| 182 |
|
0 |
|a b
|
| 200 |
1 |
|
|a Исследование влияния деэмульгатора на реологические свойства аномальной нефти
|f У. В. Пономарева, Л. В. Чеканцева
|
| 203 |
|
|
|a Текст
|c электронный
|
| 225 |
1 |
|
|a Современные технологии разработки нефтяных и газовых месторождений
|
| 300 |
|
|
|a Заглавие с экрана
|
| 320 |
|
|
|a [Библиогр.: с. 60-61 (3 назв.)]
|
| 461 |
|
1 |
|0 (RuTPU)RU\TPU\conf\36761
|t Проблемы геологии и освоения недр
|l Problems of Geology and Subsurface Development
|o труды XXVI Международного симпозиума имени академика М. А. Усова студентов и молодых учёных, посвященный 90-летию со дня рождения Н. М. Рассказова, 120-летию со дня рождения Л. Л. Халфина, 50-летию научных молодежных конференций имени академика М. А. Усова, Томск, 4-8 апреля 2022 г.
|o в 2 т.
|f Национальный исследовательский Томский политехнический университет, Инженерная школа природных ресурсов ; гл. ред. А. С. Боев ; под ред. Е. Ю. Пасечник
|d 2022
|
| 463 |
|
1 |
|0 (RuTPU)RU\TPU\conf\36763
|t Т. 2
|v [С. 59-61]
|d 2022
|
| 610 |
1 |
|
|a труды учёных ТПУ
|
| 610 |
1 |
|
|a электронный ресурс
|
| 610 |
1 |
|
|a деэмульгаторы
|
| 610 |
1 |
|
|a реологические свойства
|
| 610 |
1 |
|
|a нефти
|
| 610 |
1 |
|
|a вязкость
|
| 610 |
1 |
|
|a физико-химические свойства
|
| 700 |
|
1 |
|a Пономарева
|b У. В.
|
| 701 |
|
1 |
|a Чеканцева
|b Л. В.
|c специалист в области нефтегазового дела
|c cтарший преподаватель Томского политехнического университета
|f 1965-
|g Лилия Васильевна
|y Томск
|3 (RuTPU)RU\TPU\pers\30423
|9 14763
|
| 712 |
0 |
2 |
|a Национальный исследовательский Томский политехнический университет
|b Инженерная школа природных ресурсов
|b Отделение нефтегазового дела
|3 (RuTPU)RU\TPU\col\23546
|
| 801 |
|
2 |
|a RU
|b 63413507
|c 20221205
|g RCR
|
| 856 |
4 |
|
|u http://earchive.tpu.ru/handle/11683/73983
|
| 942 |
|
|
|c BK
|